Statistics for Most Densely Populated Cities

Click here to take the quiz!

General Stats

  • This quiz has been taken 22 times
  • The average score is 5 of 10

Answer Stats

Dencity (per Sq Km)City% Correct
28,508Mumbai
81%
41,515Manila
76%
28,410Dhaka
76%
24,252Kolkata
76%
25,854Chennai
71%
21,498Paris
52%
21,224Macau
29%
23,923Kathmandu
14%
27,916Caloocan
0%
23,911Subang Jaya
0%

Score Distribution

Percentile by Number Answered

Percent of People with Each Score

Your Score History

You have not taken this quiz